000 00403nam a22001697a 4500
003 NUST - PNEC
005 20170116180835.0
008 150804b xxu||||| |||| 00| 0 eng d
020 _a0852265064
040 _cLIBRARY
082 _a537 LAU
100 _94908
_a Laud, B. B.
245 _aElectromagnetics
_cB. B. Laud
260 _cc 1983
650 _94909
_aElectromagnetism
_x-
942 _2ddc
_cBK
999 _c64180
_d64180